Amori / (Record no. 14805)

MARC details
000 -LEADER
campo de control de longitud fija 00644nam a2200229 i 4500
001 - NÚMERO DE CONTROL
campo de control 14805
003 - IDENTIFICADOR DE NÚMERO DE CONTROL
campo de control ES-MaACL
005 - FECHA Y HORA DE LA ÚLTIMA TRANSACCIÓN
campo de control 20230906150909.0
007 - CAMPO FIJO DE DESCRIPCIÓN FÍSICA--INFORMACIÓN GENERAL
campo de control de longitud fija t|
008 - DATOS DE LONGITUD FIJA--INFORMACIÓN GENERAL
campo de control de longitud fija 990611s1987 it ||||1| ita d
080 ## - NÚMERO DE LA CLASIFICACIÓN DECIMAL UNIVERSAL
Número de la Clasificación Decimal Universal 821.131.1-82"18"
100 1# - ENTRADA PRINCIPAL--NOMBRE DE PERSONA
Nombre de persona Dossi, Carlo.
9 (RLIN) 45457
245 10 - MENCIÓN DEL TÍTULO
Título Amori /
Mención de responsabilidad, etc. Carlo Dossi ; a cura di Dante Isella.
250 ## - MENCION DE EDICION
Mención de edición 2ª ed.
260 ## - PUBLICACIÓN, DISTRIBUCIÓN, ETC.
Lugar de publicación, distribución, etc. Milano :
Nombre del editor, distribuidor, etc. Adelphi,
Fecha de publicación, distribución, etc. 1987.
300 ## - DESCRIPCIÓN FÍSICA
Extensión 223 p. ;
Dimensiones 18 cm.
490 1# - MENCIÓN DE SERIE
Mención de serie Piccola biblioteca Adelphi ;
Designación de volumen o secuencia 50
700 1# - ENTRADA AGREGADA--NOMBRE PERSONAL
Nombre de persona Isella, Dante.
9 (RLIN) 65552
830 0# - PUNTO DE ACCESO ADICIONAL DE SERIE-TÍTULO UNIFORME
Título uniforme Piccola biblioteca Adelphi ;
Designación de volumen o secuencia 50
9 (RLIN) 179675
852 ## - LOCALIZACIÓN
Ubicación ES-MaACL
Número de control de estantería L-21991
Sublocalización o colección R.122796
Holdings
Estatus retirado Estado de pérdida Estado de daño No para préstamo Biblioteca de origen Biblioteca actual Ubicación en estantería Fecha de adquisición Fuente de adquisición Total de préstamos Signatura topográfica completa Código de barras Visto por última vez Precio de reemplazo Tipo de ítem Koha
        Biblioteca del Ateneo de Madrid Biblioteca del Ateneo de Madrid Depósito 2 17/01/2008     L-21991 1015056 23/02/2023 23/02/2023 Libro impreso